Loading...
| Science - Physics | 0 | 3 | 0 | 0 | 30 | 74 | 105.67 | 1 | 1 | 0.00 | 0.00 |
| Mythology | 0 | 2 | 0 | 0 | 20 | 59 | 96.00 | 0 | 2 | 0.00 | 0.00 |
| Science - Chemistry | 0 | 2 | 0 | 0 | 20 | 115 | 121.00 | 0 | 2 | 0.00 | 0.00 |
| Religion | 0 | 1 | 0 | 0 | 10 | 78 | 78.00 | 0 | 0 | 0.00 | 0.00 |
| History - European | 0 | 1 | 0 | 0 | 10 | 116 | 116.00 | 0 | 1 | 0.00 | 0.00 |
| Science - Other | 0 | 1 | 0 | 0 | 10 | 101 | 101.00 | 0 | 0 | 0.00 | 0.00 |
| Other | 0 | 1 | 0 | 0 | 10 | 83 | 83.00 | 0 | 0 | 0.00 | 0.00 |
| Fine Arts - Other | 0 | 0 | 0 | 0 | 0 | 0.00 | 0 | 0 | 0.00 | 0.00 | |
| Fine Arts - Painting & Sculpture | 0 | 0 | 0 | 0 | 0 | 0.00 | 0 | 0 | 0.00 | 0.00 | |
| Literature - European | 0 | 0 | 0 | 0 | 0 | 0.00 | 0 | 0 | 0.00 | 0.00 | |
| Social Science | 0 | 0 | 2 | 0 | -10 | 0.00 | 0 | 0 | 0.00 | 0.00 |